[Event "33rd ECC Women 2017"]
[Site "Antalya TUR"]
[Date "2017.10.08"]
[Round "1.1"]
[Board "1"]
[White "Dzagnidze, Nana"]
[Black "Atalik, Ekaterina"]
[Result "1/2-1/2"]
[WhiteTitle "GM"]
[BlackTitle "IM"]
[WhiteElo "2520"]
[BlackElo "2468"]
[WhiteTeam "Batumi Chess Club NONA"]
[BlackTeam "Anatolia"]
[WhiteFideId "13601903"]
[BlackFideId "4130189"]
[EventDate "2017.10.08"]

1. d4 d5 2. c4 e6 3. Nc3 Nf6 4. Bg5 Nbd7 5. e3 Be7 6. Nf3 O-O 7. Rc1 c6 8. Bd3
dxc4 9. Bxc4 b5 10. Bd3 Bb7 11. O-O a6 12. e4 c5 13. e5 Nd5 14. Ne4 cxd4 15.
Bxe7 Qxe7 16. Bb1 Rad8 17. Qxd4 Qb4 18. Qxb4 Nxb4 19. a3 Nc6 20. Rfe1 Na5 21.
Rc7 Bxe4 22. Bxe4 Nc4 23. Bb7 Nb8 24. a4 Nxb2 25. axb5 axb5 26. Rb1 Nc4 27. g3
Rd7 28. Rxd7 Nxd7 29. Rxb5 Rb8 30. h4 Ndxe5 31. Nxe5 Nxe5 32. Rxe5 Rxb7 33. Ra5
h6 34. Kg2 Rd7 35. Ra8+ Kh7 36. h5 Rd5 37. Rf8 f6 38. g4 f5 39. f3 fxg4 40. fxg4
Rg5 41. Kf3 g6 42. Rf7+ Kg8 43. Rf6 gxh5 44. gxh5 Rxh5 1/2-1/2

[Event "33rd ECC Women 2017"]
[Site "Antalya TUR"]
[Date "2017.10.08"]
[Round "1.1"]
[Board "3"]
[White "Khotenashvili, Bela"]
[Black "Isgandarova, Khayala"]
[Result "1-0"]
[WhiteTitle "GM"]
[BlackTitle "WIM"]
[WhiteElo "2459"]
[BlackElo "2242"]
[WhiteTeam "Batumi Chess Club NONA"]
[BlackTeam "Anatolia"]
[WhiteFideId "13602640"]
[BlackFideId "13401823"]
[EventDate "2017.10.08"]

1. d4 Nf6 2. c4 g6 3. Nc3 Bg7 4. e4 d6 5. Nf3 O-O 6. h3 e5 7. d5 a5 8. g4 Na6 9.
Be3 Nc5 10. Nd2 Bd7 11. Be2 c6 12. h4 cxd5 13. cxd5 Ne8 14. h5 Bf6 15. Nc4 Rc8
16. Bh6 b5 17. hxg6 hxg6 18. Bxf8 Kxf8 19. Nd2 b4 20. Nb5 Qb6 21. a4 bxa3 22.
Nxa3 Ba4 23. Nac4 Qb4 24. Qc1 Nb3 25. Rxa4 Nxc1 26. Rxb4 axb4 27. Kd1 Nxe2 28.
Kxe2 Ra8 29. Nb3 Bd8 30. Ra1 Rxa1 31. Nxa1 f5 32. f3 fxg4 33. fxg4 Ke7 34. Nc2
b3 35. Na1 Nf6 36. Kf3 Nd7 37. Nxb3 Nb6 38. Nxb6 Bxb6 39. Nd2 Ba5 40. Ke2 1-0

[Event "33rd ECC Women 2017"]
[Site "Antalya TUR"]
[Date "2017.10.08"]
[Round "1.1"]
[Board "4"]
[White "Arda, Cagil Irmak"]
[Black "Melia, Salome"]
[Result "1/2-1/2"]
[WhiteTitle "WFM"]
[BlackTitle "IM"]
[WhiteElo "2040"]
[BlackElo "2412"]
[WhiteTeam "Anatolia"]
[BlackTeam "Batumi Chess Club NONA"]
[WhiteFideId "6351700"]
[BlackFideId "13602446"]
[EventDate "2017.10.08"]

1. e4 c5 2. Nf3 Nc6 3. Bb5 Nf6 4. Bxc6 dxc6 5. d3 Bg4 6. h3 Bh5 7. b3 Qc7 8. Bb2
Nd7 9. g4 Bg6 10. e5 e6 11. Qe2 Be7 12. Nbd2 O-O-O 13. O-O-O Nb6 14. Ne4 Nd5 15.
Nfd2 Kb8 16. Rdf1 h5 17. f3 Rh7 18. Qf2 Nf4 19. Qe3 Nd5 20. Qf2 Rdh8 21. g5 h4
22. Kb1 Rd8 23. f4 b6 24. a3 Bf8 25. Nf3 c4 26. bxc4 Bxe4 27. dxe4 Bc5 28. Nd4
Nxf4 29. Qxf4 Bxd4 30. Bxd4 Rxd4 31. Qxf7 Rd1+ 32. Rxd1 Qxf7 33. Rhf1 Qe7 34. g6
Rh8 35. Rf7 Qxa3 36. Rxg7 Qb4+ 37. Kc1 Qa3+ 38. Kb1 Qb4+ 39. Kc1 Qc3 40. Rdd7
Qa1+ 41. Kd2 Qa5+ 42. c3 Qxe5 43. Rgf7 Rg8 44. g7 Kc8 45. Rxa7 Rd8+ 46. Kc2
Qxe4+ 47. Kb3 c5 48. Rf8 Qb1+ 49. Ka3 Qa1+ 50. Kb3 Qb1+ 51. Ka3 Qa1+ 52. Kb3
Qd1+ 53. Ka3 Qa1+ 54. Kb3 1/2-1/2

[Event "33rd ECC Women 2017"]
[Site "Antalya TUR"]
[Date "2017.10.08"]
[Round "1.2"]
[Board "1"]
[White "Richard, Emma"]
[Black "Pogonina, Natalija"]
[Result "0-1"]
[WhiteTitle "WFM"]
[BlackTitle "WGM"]
[WhiteElo "2086"]
[BlackElo "2466"]
[WhiteTeam "Mulhouse Philidor"]
[BlackTeam "UGRA Chess Clup"]
[WhiteFideId "657590"]
[BlackFideId "4147855"]
[EventDate "2017.10.08"]

1. e4 e5 2. Nf3 Nc6 3. Bc4 Bc5 4. c3 Nf6 5. d4 exd4 6. e5 d5 7. Be2 Ne4 8. cxd4
Bb4+ 9. Nbd2 O-O 10. O-O Bf5 11. Nb3 a6 12. a3 Be7 13. Ne1 h6 14. f3 Ng5 15. f4
Ne4 16. g4 Bc8 17. f5 a5 18. Be3 a4 19. Nc1 Na5 20. Bd3 c5 21. Bxe4 dxe4 22. d5
Nc4 23. Bf4 Bg5 24. Ng2 Bxf4 25. Rxf4 Nxe5 26. Rxe4 Qd6 27. Ne3 b5 28. Nd3 Nd7
29. f6 Nxf6 30. Qf3 Nxe4 31. Qxe4 Bd7 32. Rc1 Rae8 33. Qf3 c4 34. Nb4 Qe5 35.
Nf5 Bxf5 36. gxf5 Qxb2 37. Rc2 Qd4+ 38. Rf2 Re3 39. Qh5 Re1+ 40. Kg2 Rfe8 41. f6
R8e5 42. Qf3 Rg5+ 0-1

[Event "33rd ECC Women 2017"]
[Site "Antalya TUR"]
[Date "2017.10.08"]
[Round "1.2"]
[Board "2"]
[White "Girya, Olga"]
[Black "Haussernot, Cecile"]
[Result "0-1"]
[WhiteTitle "WGM"]
[BlackTitle "WFM"]
[WhiteElo "2505"]
[BlackElo "2169"]
[WhiteTeam "UGRA Chess Clup"]
[BlackTeam "Mulhouse Philidor"]
[WhiteFideId "4195752"]
[BlackFideId "601632"]
[EventDate "2017.10.08"]

1. d4 Nf6 2. c4 e6 3. Nf3 Bb4+ 4. Nbd2 O-O 5. a3 Be7 6. e4 d6 7. Be2 c5 8. d5 e5
9. O-O Ne8 10. b4 Nd7 11. Bb2 g6 12. Ne1 Bg5 13. Nd3 b6 14. Qc2 Bh6 15. Rae1 f5
16. exf5 gxf5 17. f4 e4 18. Nc1 Bg7 19. Bxg7 Nxg7 20. Ncb3 Qf6 21. Bd1 cxb4 22.
axb4 a5 23. Qa2 a4 24. Na1 Qc3 25. b5 Nc5 26. Be2 Bd7 27. Nb1 Qd4+ 28. Kh1 Nd3
29. Bxd3 exd3 30. Rd1 Rfe8 31. Nc2 Qc5 32. Rxd3 Re4 33. Nd2 Re2 34. Nd4 Re7 35.
N2f3 Re4 36. g3 Be8 37. Rc1 Bh5 38. Kg2 Rae8 39. Rc2 Qb4 40. Rb2 Qc5 41. Rc2 Qb4
42. Ng5 Qe1 43. Nxe4 Qxe4+ 44. Rf3 Qxd4 45. Rff2 Re1 46. Rf1 Bf3+ 47. Rxf3 Rg1+
48. Kh3 Qf6 0-1

[Event "33rd ECC Women 2017"]
[Site "Antalya TUR"]
[Date "2017.10.08"]
[Round "1.2"]
[Board "3"]
[White "Choisy, Mathilde"]
[Black "Nechaeva, Marina"]
[Result "0-1"]
[WhiteTitle "WFM"]
[BlackTitle "IM"]
[WhiteElo "2162"]
[BlackElo "2431"]
[WhiteTeam "Mulhouse Philidor"]
[BlackTeam "UGRA Chess Clup"]
[WhiteFideId "634565"]
[BlackFideId "4149351"]
[EventDate "2017.10.08"]

1. e4 c6 2. d4 d5 3. e5 Bf5 4. h4 c5 5. g4 Bd7 6. c3 Nc6 7. Na3 cxd4 8. cxd4 Qb6
9. Nc2 Rc8 10. f4 h5 11. f5 hxg4 12. Qxg4 Nh6 13. Bxh6 Rxh6 14. Bd3 Qxb2 15. Rd1
e6 16. Ne2 exf5 17. Qf4 Qb6 18. Kf2 Qd8 19. Rb1 b6 20. Ne3 Ne7 21. h5 f6 22.
Nxf5 Bxf5 23. Bxf5 fxe5 24. dxe5 Rc4 25. Qg5 Nxf5 26. Qxf5 Qd7 27. Qxd7+ Kxd7
28. Rbd1 Ke6 29. Nd4+ Rxd4 0-1

[Event "33rd ECC Women 2017"]
[Site "Antalya TUR"]
[Date "2017.10.08"]
[Round "1.3"]
[Board "1"]
[White "Kashlinskaya, Alina"]
[Black "Okuyaz, Duru"]
[Result "1-0"]
[WhiteTitle "IM"]
[BlackTitle "WFM"]
[WhiteElo "2455"]
[BlackElo "2233"]
[WhiteTeam "Legacy Square Capital"]
[BlackTeam "Marmara"]
[WhiteFideId "4198026"]
[BlackFideId "6346022"]
[EventDate "2017.10.08"]

1. d4 d5 2. c4 c6 3. Nf3 Nf6 4. Nc3 dxc4 5. a4 Bf5 6. Nh4 e6 7. Nxf5 exf5 8. e3
Bb4 9. Bxc4 O-O 10. O-O Nbd7 11. Qf3 g6 12. h3 h5 13. Qg3 Kg7 14. Bd3 Qa5 15.
Na2 Be7 16. b4 Qd5 17. Nc3 Qe6 18. Rb1 Ne4 19. Bxe4 fxe4 20. Bb2 Nf6 21. f3 Kg8
22. Ba1 Rae8 23. Qc7 Bd6 24. Qxb7 Rb8 25. Qa6 c5 26. Qe2 cxb4 27. d5 Qe7 28. Nb5
Be5 29. Nxa7 Bxa1 30. Nc6 Qc5 31. Nxb8 Rxb8 32. Rxa1 Nxd5 33. fxe4 Nc3 34. Qf3
Qa7 35. Rac1 Re8 36. Kh1 Nxe4 37. Qf4 Re7 38. Rc4 Qb7 39. a5 g5 40. Qf3 h4 41.
a6 Qa8 42. Kg1 b3 43. a7 b2 44. Rxe4 Rxe4 45. Qxf7+ Kh8 46. Qh5+ Kg8 47. Qxg5+
Kh8 48. Qh6+ Kg8 49. Rf8+ Qxf8 50. Qxf8+ Kxf8 51. a8=Q+ Re8 52. Qa3+ Kg8 53.
Qxb2 Rxe3 54. Qf6 1-0

[Event "33rd ECC Women 2017"]
[Site "Antalya TUR"]
[Date "2017.10.08"]
[Round "1.3"]
[Board "2"]
[White "Caglar, Sila"]
[Black "Kovalevskaya, Ekaterina"]
[Result "1/2-1/2"]
[WhiteTitle "WFM"]
[BlackTitle "IM"]
[WhiteElo "2153"]
[BlackElo "2411"]
[WhiteTeam "Marmara"]
[BlackTeam "Legacy Square Capital"]
[WhiteFideId "6364063"]
[BlackFideId "4116704"]
[EventDate "2017.10.08"]

1. Nf3 Nf6 2. g3 c5 3. Bg2 Nc6 4. O-O e5 5. d3 d5 6. e4 dxe4 7. dxe4 Qxd1 8.
Rxd1 Bg4 9. c3 Be7 10. Re1 O-O-O 11. Na3 Rd3 12. Be3 Nxe4 13. Nc4 Bxf3 14. Bxf3
f5 15. Bxe4 fxe4 16. Nd2 Rhd8 17. Nxe4 b6 18. Kf1 R3d7 19. Ke2 Kc7 20. h4 h6 21.
h5 Na5 22. b3 c4 23. b4 Nb7 24. a4 Nd6 25. Nd2 Kc6 26. g4 a6 27. Rg1 Kb7 28. Ra2
Bf6 29. g5 hxg5 30. Bxg5 Rh8 31. h6 Bxg5 1/2-1/2

[Event "33rd ECC Women 2017"]
[Site "Antalya TUR"]
[Date "2017.10.08"]
[Round "1.3"]
[Board "3"]
[White "Voit, Daria"]
[Black "Hereklioglu, Sude"]
[Result "1-0"]
[WhiteTitle "FM"]
[BlackTitle "WFM"]
[WhiteElo "2387"]
[BlackElo "2165"]
[WhiteTeam "Legacy Square Capital"]
[BlackTeam "Marmara"]
[WhiteFideId "4182146"]
[BlackFideId "6359531"]
[EventDate "2017.10.08"]

1. d4 Nf6 2. c4 g6 3. g3 Bg7 4. Bg2 O-O 5. Nc3 d6 6. Nf3 Nbd7 7. O-O e5 8. h3 a6
9. e4 exd4 10. Nxd4 Rb8 11. Be3 Ne5 12. Qe2 c5 13. Nc2 Be6 14. b3 Ne8 15. Rad1
Nxc4 16. bxc4 Bxc3 17. Bh6 Bg7 18. Bxg7 Kxg7 19. f4 b5 20. cxb5 axb5 21. Ne3 Qa5
22. f5 Qxa2 23. Rd2 Qa5 24. fxe6 fxe6 25. Rxf8 Kxf8 26. Ra2 Qc7 27. Qf1+ Kg8 28.
Rf2 Qg7 29. Ng4 c4 30. Rf7 Qd4+ 31. Kh2 h5 32. Re7 1-0

[Event "33rd ECC Women 2017"]
[Site "Antalya TUR"]
[Date "2017.10.08"]
[Round "1.3"]
[Board "4"]
[White "Ozbay, Ece"]
[Black "Savina, Anastasia"]
[Result "0-1"]
[WhiteTitle "WCM"]
[BlackTitle "IM"]
[WhiteElo "1998"]
[BlackElo "2350"]
[WhiteTeam "Marmara"]
[BlackTeam "Legacy Square Capital"]
[WhiteFideId "6351743"]
[BlackFideId "4196872"]
[EventDate "2017.10.08"]

1. e4 d6 2. d4 Nf6 3. Nc3 e5 4. dxe5 dxe5 5. Qxd8+ Kxd8 6. Bg5 Be6 7. O-O-O+ Kc8
8. Nf3 Nbd7 9. Bh4 h6 10. Bb5 c6 11. Be2 Bb4 12. Bxf6 Nxf6 13. Bd3 Nd7 14. Kd2
Kc7 15. a3 Be7 16. b4 g5 17. h3 h5 18. Ng1 a5 19. Rb1 Nb6 20. Nge2 Rhd8 21. Ke3
Nc4+ 22. Bxc4 Bxc4 23. Rhd1 g4 24. hxg4 hxg4 25. f3 axb4 26. axb4 gxf3 27. gxf3
Rh8 28. Rg1 Rh2 29. Rh1 Rxh1 30. Rxh1 Bxb4 31. Kd2 Bxe2 0-1

[Event "33rd ECC Women 2017"]
[Site "Antalya TUR"]
[Date "2017.10.08"]
[Round "1.4"]
[Board "1"]
[White "Shvayger, Yuliya"]
[Black "Mamedjarova, Zeinab"]
[Result "1/2-1/2"]
[WhiteTitle "WGM"]
[BlackTitle "WGM"]
[WhiteElo "2442"]
[BlackElo "2298"]
[WhiteTeam "Beer Sheva Chess Club"]
[BlackTeam "Odlar Yurdu"]
[WhiteFideId "14100126"]
[BlackFideId "13401521"]
[EventDate "2017.10.08"]

1. e4 e5 2. Nf3 Nf6 3. Nc3 Nc6 4. Bb5 Nd4 5. Nxd4 exd4 6. Nd5 Nxd5 7. exd5 Qf6
8. O-O Be7 9. b3 O-O 10. Bb2 c5 11. c3 dxc3 12. dxc3 d6 13. Re1 Bd8 14. Bd3 Qg5
15. Qc2 h6 16. c4 Bd7 17. Re3 Bf6 18. Rae1 Rfe8 19. g3 Rxe3 20. Rxe3 Bxb2 21.
Qxb2 Re8 22. Rxe8+ Bxe8 23. Qe2 Kf8 24. h4 Qe7 25. Qxe7+ Kxe7 26. f4 Bd7 27. Be2
Bf5 28. Bd1 Bd3 29. a4 Kf6 30. Kf2 Bf5 31. g4 Bb1 32. a5 g5 33. hxg5+ hxg5 34.
Ke3 Kg6 35. Kf3 Kf6 36. Ke3 Kg6 37. Kf3 Kf6 1/2-1/2

[Event "33rd ECC Women 2017"]
[Site "Antalya TUR"]
[Date "2017.10.08"]
[Round "1.5"]
[Board "1"]
[White "Zhukova, Natalia"]
[Black "Sahin, Handenur"]
[Result "1-0"]
[WhiteTitle "GM"]
[WhiteElo "2426"]
[BlackElo "1960"]
[WhiteTeam "Bossa Nova"]
[BlackTeam "Aegean"]
[WhiteFideId "14101513"]
[BlackFideId "6334865"]
[EventDate "2017.10.08"]

1. c4 e5 2. Nc3 Bb4 3. Nd5 Bc5 4. e3 Nf6 5. b4 Be7 6. Nxe7 Qxe7 7. Bb2 O-O 8. a3
d6 9. Ne2 Be6 10. Ng3 a5 11. Be2 Nbd7 12. O-O Rfe8 13. f4 exf4 14. Rxf4 Ne5 15.
bxa5 Nfd7 16. Bc3 Ng6 17. Rf2 Qg5 18. Rb1 b6 19. Rb5 Qd8 20. Nh5 f6 21. axb6
cxb6 22. Qa1 Nge5 23. Nf4 Bf7 24. Nd5 Qc8 25. d3 Qc6 26. Bd4 Bxd5 27. Rxd5 Nc5
28. Bb2 Ra4 29. Qd1 Ne6 30. Rxd6 Qxd6 31. Qxa4 Rc8 32. d4 Nf7 33. Qb4 Qd7 34.
Bg4 1-0

[Event "33rd ECC Women 2017"]
[Site "Antalya TUR"]
[Date "2017.10.08"]
[Round "1.6"]
[Board "1"]
[White "Kaplan, Ebru"]
[Black "Paehtz, Elisabeth"]
[Result "1/2-1/2"]
[BlackTitle "IM"]
[WhiteElo "2001"]
[BlackElo "2453"]
[WhiteTeam "Mediterranean"]
[BlackTeam "Cs Studentesc Medicina Timisoara"]
[WhiteFideId "6315194"]
[BlackFideId "4641833"]
[EventDate "2017.10.08"]

1. e4 g6 2. d4 Bg7 3. Nc3 d6 4. f4 a6 5. Nf3 b5 6. a3 Nd7 7. Be3 Bb7 8. Bd3 c5
9. d5 Ngf6 10. Qd2 Rc8 11. f5 c4 12. fxg6 hxg6 13. Be2 Ng4 14. Bg1 Nc5 15. Ng5
Ne5 16. Be3 Qd7 17. h3 a5 18. O-O Bf6 19. b4 axb4 20. axb4 Na4 21. Nxa4 bxa4 22.
c3 Ba6 23. Bd4 Bb5 24. Qe3 Ra8 25. Ra3 Kf8 26. Qg3 Kg7 27. Qe3 Raf8 28. Rfa1 Rh4
29. Nf3 Nxf3+ 30. Bxf3 e5 31. dxe6 Qxe6 32. Bg4 Qe7 33. Rf1 Be5 34. Qd2 Bc6 35.
Bf3 Re8 36. Bf2 Rhh8 37. Qe2 Qb7 38. Re1 f5 39. exf5 Bxf3 40. Qxf3 Qxf3 41. gxf3
gxf5 42. h4 Ra8 43. Rea1 Rhb8 44. Be1 d5 45. Rxa4 Rxa4 46. Rxa4 d4 47. cxd4
Bxd4+ 48. Bf2 Bf6 49. b5 Rxb5 50. Rxc4 Rb1+ 51. Kg2 Rb2 52. Rc7+ Kg6 53. Rc6 Kf7
54. Kf1 Rb1+ 55. Kg2 Rb2 1/2-1/2

[Event "33rd ECC Women 2017"]
[Site "Antalya TUR"]
[Date "2017.10.08"]
[Round "1.6"]
[Board "3"]
[White "Can, Isil"]
[Black "Cosma, Elena-Luminita"]
[Result "0-1"]
[WhiteTitle "WCM"]
[BlackTitle "WGM"]
[WhiteElo "1791"]
[BlackElo "2333"]
[WhiteTeam "Mediterranean"]
[BlackTeam "Cs Studentesc Medicina Timisoara"]
[WhiteFideId "34505733"]
[BlackFideId "1201590"]
[EventDate "2017.10.08"]

1. e4 e6 2. d4 d5 3. exd5 exd5 4. Bd3 Nc6 5. Nf3 Bg4 6. c3 Bd6 7. h3 Bh5 8. O-O
Nge7 9. Re1 Qd7 10. Nbd2 f6 11. b4 O-O 12. Qc2 Bg6 13. Nb3 b6 14. a4 Bxd3 15.
Qxd3 Ng6 16. a5 Rae8 17. axb6 axb6 18. Be3 Nce7 19. Nbd2 Nf5 20. Nf1 b5 21. Ra5
c6 22. Rea1 Bb8 23. N3d2 Nd6 24. Ra6 f5 25. f3 Nc4 26. Nxc4 dxc4 27. Qd2 f4 28.
Bf2 Ne7 29. Re1 Nd5 30. Raa1 Qf5 31. Rad1 Bd6 32. Qb2 Rxe1 33. Bxe1 Re8 34. Bf2
h6 35. Re1 Rxe1 36. Bxe1 Qd3 37. Qd2 Be7 38. Kf2 Bh4+ 39. g3 fxg3+ 40. Nxg3 Qf5
41. Kg2 Nf4+ 42. Kg1 Nxh3+ 43. Kh2 Bxg3+ 44. Bxg3 Ng5 45. Qg2 Nxf3+ 0-1

[Event "33rd ECC Women 2017"]
[Site "Antalya TUR"]
[Date "2017.10.09"]
[Round "2.1"]
[Board "1"]
[White "Paehtz, Elisabeth"]
[Black "Zhukova, Natalia"]
[Result "1/2-1/2"]
[WhiteTitle "IM"]
[BlackTitle "GM"]
[WhiteElo "2453"]
[BlackElo "2426"]
[WhiteTeam "Cs Studentesc Medicina Timisoara"]
[BlackTeam "Bossa Nova"]
[WhiteFideId "4641833"]
[BlackFideId "14101513"]
[EventDate "2017.10.08"]

1. d4 e6 2. Bf4 Nf6 3. e3 c5 4. Nd2 b6 5. c3 Bb7 6. Ngf3 Be7 7. h3 O-O 8. Bd3 d6
9. O-O Nc6 10. Bh2 cxd4 11. exd4 Re8 12. Nc4 Bf8 13. Re1 b5 14. Ne3 a6 15. Bc2
g6 16. Bg3 Nh5 17. Bh4 Qc7 18. d5 Ne5 19. Nxe5 dxe5 20. Bb3 Nf4 21. dxe6 fxe6
22. Qg4 Bc5 23. Bg5 Qf7 24. Bxf4 exf4 25. Nf1 Bd5 26. Nd2 h5 27. Qe2 Rad8 28.
Rad1 Kg7 29. Qe5+ Qf6 30. Qc7+ Be7 31. Bxd5 Rxd5 32. Ne4 Qe5 33. Qxe5+ Rxe5 34.
Rd7 a5 35. f3 g5 36. Red1 Kg6 37. Kf1 a4 38. a3 Bf8 39. Rb7 g4 40. Rb6 g3 41.
Rd7 h4 42. Ke2 Bh6 43. Kd3 Bg5 44. Rc6 Be7 45. Rd4 Bf8 46. Kc2 Kf5 47. c4 Rb8
48. c5 Rd5 49. Rxd5+ exd5 50. Nc3 b4 51. axb4 Rxb4 52. Nxd5 Rc4+ 53. Kd3 Rxc5
54. Rxc5 Bxc5 55. Nc3 a3 56. b3 Ke5 57. Kc4 Bd4 58. Na2 Bb2 59. Kc5 Bd4+ 60. Kc4
Bb2 61. Nb4 Kd6 62. Na2 Ke5 1/2-1/2

[Event "33rd ECC Women 2017"]
[Site "Antalya TUR"]
[Date "2017.10.09"]
[Round "2.1"]
[Board "2"]
[White "Badelka, Olga"]
[Black "Sandu, Mihaela"]
[Result "1-0"]
[WhiteTitle "WIM"]
[BlackTitle "WGM"]
[WhiteElo "2353"]
[BlackElo "2278"]
[WhiteTeam "Bossa Nova"]
[BlackTeam "Cs Studentesc Medicina Timisoara"]
[WhiteFideId "13509926"]
[BlackFideId "1204327"]
[EventDate "2017.10.08"]

1. d4 Nf6 2. c4 g6 3. Nc3 Bg7 4. e4 d6 5. Nge2 Nbd7 6. Ng3 h5 7. Be2 a6 8. f4 h4
9. Nf1 e5 10. fxe5 dxe5 11. d5 Nh5 12. g3 Ndf6 13. Bg5 Qd7 14. Qd3 Qh3 15. Rg1
hxg3 16. hxg3 O-O 17. O-O-O Bg4 18. Bxg4 Qxg4 19. Bd2 Nf4 20. Qe3 Nh3 21. Nh2
Qd7 22. Rh1 c5 23. Qe2 b5 24. Be3 b4 25. Nb1 Nxe4 26. Qg2 Neg5 27. Nf3 Qg4 28.
Nxg5 Nxg5 29. Nd2 f5 30. Rh4 Qxd1+ 31. Kxd1 Nf7 32. Bxc5 Rfc8 33. Bxb4 Rab8 34.
Bc3 a5 35. g4 f4 36. Qe4 Rb6 37. Bxa5 Ra6 38. b4 Re8 39. c5 Rf6 40. d6 f3 41. d7
Rf8 42. Nxf3 1-0

[Event "33rd ECC Women 2017"]
[Site "Antalya TUR"]
[Date "2017.10.09"]
[Round "2.1"]
[Board "3"]
[White "Cosma, Elena-Luminita"]
[Black "Zaiatz, Elena"]
[Result "1/2-1/2"]
[WhiteTitle "WGM"]
[BlackTitle "IM"]
[WhiteElo "2333"]
[BlackElo "2334"]
[WhiteTeam "Cs Studentesc Medicina Timisoara"]
[BlackTeam "Bossa Nova"]
[WhiteFideId "1201590"]
[BlackFideId "4139518"]
[EventDate "2017.10.08"]

1. d4 Nf6 2. Nf3 g6 3. Nbd2 d5 4. e3 Bg7 5. b4 O-O 6. Be2 Nfd7 7. c4 e5 8. O-O
e4 9. Ne1 c6 10. Qb3 a5 11. a4 axb4 12. cxd5 Nc5 13. Qb1 Nxa4 14. Qxb4 b5 15.
Nxe4 Na6 16. Qd2 Re8 17. Ng3 Qxd5 18. Nd3 Qd7 19. Ba3 c5 20. Bxc5 Bb7 21. Rac1
h5 22. Bf3 Bxf3 23. gxf3 h4 24. Ne4 Rxe4 25. fxe4 N6xc5 26. dxc5 Qg4+ 27. Kh1
Qf3+ 28. Kg1 Qg4+ 29. Kh1 Qf3+ 30. Kg1 Qg4+ 1/2-1/2

[Event "33rd ECC Women 2017"]
[Site "Antalya TUR"]
[Date "2017.10.09"]
[Round "2.2"]
[Board "1"]
[White "Ushenina, Anna"]
[Black "Kashlinskaya, Alina"]
[Result "0-1"]
[WhiteTitle "GM"]
[BlackTitle "IM"]
[WhiteElo "2445"]
[BlackElo "2455"]
[WhiteTeam "UGRA Chess Clup"]
[BlackTeam "Legacy Square Capital"]
[WhiteFideId "14110911"]
[BlackFideId "4198026"]
[EventDate "2017.10.08"]

1. d4 Nf6 2. c4 e6 3. Nc3 Bb4 4. e3 O-O 5. Ne2 d5 6. a3 Bd6 7. Ng3 c5 8. dxc5
Bxc5 9. b4 Bd6 10. Bb2 Nc6 11. Be2 dxc4 12. Bxc4 a5 13. b5 Ne5 14. Be2 b6 15.
Nce4 Nxe4 16. Nxe4 Bb8 17. Qxd8 Rxd8 18. Bd4 Bb7 19. Nd2 Bxg2 20. Rg1 Bb7 21. f4
Rxd4 22. exd4 Ng6 23. Bf3 Bxf3 24. Nxf3 Bxf4 25. Ke2 f6 26. Kd3 Rd8 27. Kc4 Ne7
28. Rge1 Kf7 29. Ra2 Nd5 30. Kd3 g5 31. h3 h5 32. Ng1 e5 33. Ne2 f5 34. Kc4 Ne3+
35. Kb3 exd4 36. Nxf4 gxf4 37. Rf2 Kf6 38. Rxf4 d3 39. Rxe3 d2 40. Rf1 d1=Q+ 41.
Rxd1 Rxd1 42. Re8 f4 43. Kc2 Rd5 44. a4 Kf5 45. Rf8+ Ke4 46. Re8+ Kf5 47. Rf8+
Kg5 48. Rg8+ Kh4 49. Rg6 f3 50. Rxb6 Rf5 0-1

[Event "33rd ECC Women 2017"]
[Site "Antalya TUR"]
[Date "2017.10.09"]
[Round "2.2"]
[Board "2"]
[White "Kovalevskaya, Ekaterina"]
[Black "Pogonina, Natalija"]
[Result "1/2-1/2"]
[WhiteTitle "IM"]
[BlackTitle "WGM"]
[WhiteElo "2411"]
[BlackElo "2466"]
[WhiteTeam "Legacy Square Capital"]
[BlackTeam "UGRA Chess Clup"]
[WhiteFideId "4116704"]
[BlackFideId "4147855"]
[EventDate "2017.10.08"]

1. e4 e5 2. Nf3 Nc6 3. Nc3 Nf6 4. d4 exd4 5. Nxd4 Bb4 6. Nxc6 bxc6 7. Bd3 O-O 8.
O-O d5 9. exd5 cxd5 10. Bg5 c6 11. Qf3 Bd6 12. Rfe1 Rb8 13. Rab1 h6 14. Bxf6
Qxf6 15. Qxf6 gxf6 16. Ne2 c5 17. b3 Be6 18. c3 Rfe8 19. Rbc1 a5 20. c4 d4 21.
Ng3 Bxg3 22. hxg3 a4 23. Bc2 Red8 24. Red1 Rb6 25. Rd2 axb3 26. axb3 Ra8 27. Kf1
Kg7 28. Ke1 Rbb8 29. Kd1 Bg4+ 30. f3 Be6 31. g4 Rh8 32. Be4 Ra3 33. Kc2 h5 34.
Kb2 Ra6 35. gxh5 Rxh5 36. Ra1 Rxa1 37. Kxa1 f5 38. Bd3 Rh1+ 39. Kb2 Re1 40. b4
cxb4 41. Kb3 Kf6 42. f4 Ke7 43. Kxb4 Kd6 44. Bc2 Kc6 45. Ba4+ Kb6 46. Rxd4 Re2
47. Rd6+ Kc7 48. Rc6+ Kb7 49. Kc5 Re4 50. Rb6+ Kc7 51. Rc6+ Kb7 52. Bb5 Rxf4 53.
Rd6 Kc7 54. Ra6 Rg4 55. Ra2 Kd8 56. Rc2 Kc7 57. Ra2 Kd8 58. Rc2 Kc7 59. Rd2 Re4
60. Rf2 Re5+ 61. Kd4 Re4+ 62. Kc5 1/2-1/2

[Event "33rd ECC Women 2017"]
[Site "Antalya TUR"]
[Date "2017.10.09"]
[Round "2.2"]
[Board "3"]
[White "Nechaeva, Marina"]
[Black "Voit, Daria"]
[Result "1-0"]
[WhiteTitle "IM"]
[BlackTitle "FM"]
[WhiteElo "2431"]
[BlackElo "2387"]
[WhiteTeam "UGRA Chess Clup"]
[BlackTeam "Legacy Square Capital"]
[WhiteFideId "4149351"]
[BlackFideId "4182146"]
[EventDate "2017.10.08"]

1. d4 Nf6 2. c4 e6 3. Nc3 Bb4 4. Nf3 c5 5. g3 O-O 6. Bg2 cxd4 7. Nxd4 d5 8. cxd5
Nxd5 9. Qb3 Qa5 10. Bd2 Nc6 11. Nxc6 bxc6 12. O-O Bxc3 13. bxc3 Ba6 14. Rfd1 Qc5
15. e4 Bc4 16. Qc2 Nb6 17. Be3 Qa5 18. Qb2 Rfd8 19. Qb4 Qa6 20. h4 h6 21. Rxd8+
Rxd8 22. a4 Rd7 23. Kh2 Be2 24. Bd4 Bd3 25. Qc5 Qc8 26. a5 Nc4 27. Ra4 Nd6 28.
Bxg7 Nxe4 29. Bxe4 Bxe4 30. Bxh6 f5 31. Qe5 Qe8 32. Rb4 Qg6 33. Rb8+ Kf7 34. Qh8
e5 35. Qe8+ 1-0